000
00311 a2200145 4500
001
75777
040
_c
Anchieta - Colégio São Paulo
100
_a
Chamlian, Regina
240
1
0
_a
Trio tantã
_l
por
245
1
0
_a
Trio tantã
300
_a
[14]
362
0
_a
1996
650
4
_a
Literatura infantil
942
_c
BK
999
_c
75777
_d
75777